Descentralización del sistema escolar en Chile

Պահպանված է:
Մատենագիտական մանրամասներ
Հիմնական հեղինակ: Espínola, Viola (Հեղինակ)
Ձևաչափ: Գիրք
Լեզու:իսպաներեն
Հրապարակվել է: Santiago CIDE 1991
Խորագրեր:
Ցուցիչներ: Ավելացրեք ցուցիչ
Չկան պիտակներ, Եղեք առաջինը, ով նշում է այս գրառումը!

MARC

LEADER 00000nam a2200000 a 4500
001 UCW7146
003 CL-VaPUC
008 920909e19910000CL |||||||||||||||||spa|d
082 0 4 |a 379.201  |b ESP  |2 21 
100 0 |a Espínola, Viola  |e author  |9 312268 
245 1 0 |a Descentralización del sistema escolar en Chile 
300 |a 104 p 
942 |c BK 
945 |d 19920909 00:00:00 
260 |a Santiago  |b CIDE  |c 1991 
650 0 |a Reforma educacional   |9 256319 
650 7 |a DESCENTRALIZACION  |2 CL-VaPUC  |9 311229 
651 7 |a CHILE  |2 CL-VaPUC  |9 312269 
583 |a last modification  |c 19920909 00:00:00  |k Rodrigo Vera 
999 |c 220003  |d 220001 
952 |0 0  |1 0  |4 0  |6 379_201000000000000_ESP_1991  |7 0  |8 P  |9 211716  |a BIBEDU  |b BIBEDU  |c BIBEDU_PB  |d 2019-11-15  |i 2798565  |l 1  |o 379.201 ESP 1991  |p 2798565  |r 2024-01-25  |s 2022-09-01  |w 2019-11-15  |y BK  |k EDU